Представление документа в формате MARC21

Поле Инд. ПП Название Значение
Тип записи a
Библиографический уровень m
001 Контрольный номер 120c97a69cad4545b58fde22c0a1d75a
003 7b24f19dd77d409fbe68082f7c0bb555
005 Дата корректировки 20191227162821.9
008 Кодируемые данные s1977 ru |||||||||||000|||rus|d
020 c Цена, тираж 0-95
040 b Код языка каталог. rus
040 a Служба первич. каталог. ЦГБ г.В.Луки
c Служба, преобразующая запись РК-19(2)
041 0_ a Код языка текста rus
084 2 Источник индекса rubbk
a Индекс другой классификации/Индекс ББК 65.9(2)
090 a Полочн. индекс 65.9(2)
x Авторский знак И 75
c Каталожный индекс 65.9(2)
e Инвентарный номер (DOS) 684514; 684915
f Сигла хранения (DOS) влг-ЦБ; влг-2
j Имя библиотеки ЦГБ г. В.Луки
091 a Индекс ББК (DOS) 65.9(2)
100 1_ a Автор Иоффе Я. А.
245 10 a Заглавие 60 победных лет, 1917-1977: Цифры и факты
b Продолж. заглавия [справочник]
260 a Место издания Москва
b Издательство Политиздат
c Дата издания 1977
300 a Объем 231 с.
b Иллюстрации/ тип воспроизводства ил.
650 14 a Основная рубрика Культурное строительство
700 1_ a Другие авторы Зломанов Л. П.
q Полное имя Леонид Павлович
990 b Заказано (DOS) ЦБ 684514 Ф2 684915